Living free. (Record no. 13074)

000 -LEADER
fixed length control field 00597nam a2200205 a 4500
001 - CONTROL NUMBER
control field :::00010892$&:&@@
003 - CONTROL NUMBER IDENTIFIER
control field OkBaRHE
005 - DATE AND TIME OF LATEST TRANSACTION
control field 20000607103403.0
008 - FIXED-LENGTH DATA ELEMENTS--GENERAL INFORMATION
fixed length control field s1979 j 000 0 eng u
020 ## - INTERNATIONAL STANDARD BOOK NUMBER
International Standard Book Number 0840756968
040 ## - CATALOGING SOURCE
Transcribing agency
100 1# - MAIN ENTRY--PERSONAL NAME
Personal name Sumrall, Lester Frank, 1913-
245 10 - TITLE STATEMENT
Title Living free.
260 ## - PUBLICATION, DISTRIBUTION, ETC. (IMPRINT)
Place of publication, distribution, etc Nashville, TN., :
Name of publisher, distributor, etc Sceptre Book
Date of publication, distribution, etc c1979
300 ## - PHYSICAL DESCRIPTION
Extent 175 p. ;
Dimensions 21 cm.
650 ## - SUBJECT ADDED ENTRY--TOPICAL TERM
Topical term or geographic name as entry element Christian Life
General subdivision 1960-
650 ## - SUBJECT ADDED ENTRY--TOPICAL TERM
Topical term or geographic name as entry element Mental Health
942 ## - ADDED ENTRY ELEMENTS (KOHA)
Source of classification or shelving scheme
Koha item type Books
Copies
Source of classification or shelving scheme Damaged status Shelving location Full call number Koha item type Date last seen Date acquired Withdrawn status Permanent Location Copy number Not for loan Barcode Price effective from Lost status
  General StacksBV 4501.2 .S845Books2010-04-142010-04-14 RHEMA Bible Training College1 108922010-04-14